000 00410nam a2200169Ia 4500
008 230711s9999||||xx |||||||||||||| ||und||
020 _a978-93-5014-416-9
041 _aENG
082 _a604.2
_bGI-M
100 _aGill,P.S
245 2 _aA textbook of machine drawing
250 _a18th Ed.
260 _c2015
_aNew Delhi
_bS.K Kataria & Sons
300 _a709
650 _aMechanical Engineering
942 _cBK
999 _c30
_d30